| 000 | 00730nam a22002297a 4500 | ||
|---|---|---|---|
| 003 | OSt | ||
| 005 | 20230517124518.0 | ||
| 008 | 230517b |||||||| |||| 00| 0 eng d | ||
| 020 | _a9783319870816 | ||
| 082 |
_222 _a610 _bD56D |
||
| 245 |
_aDigital health : scaling healthcare to the world _cedited by Homero Rivas and Katarzyna Wac |
||
| 260 |
_aSwitzerland _bSpringer International Publishing _c2018 |
||
| 300 |
_axiii, 370p. _bPaperback |
||
| 490 | _aHealth Informatics | ||
| 653 | _aMedical informatics | ||
| 653 | _aMedical care--Technological innovations | ||
| 653 | _aMedical records--Data processing | ||
| 653 | _aMedicine | ||
| 700 |
_aRivas, Homero _eEditor |
||
| 700 |
_aWac, Katarzyna _eEditor |
||
| 942 |
_2ddc _cBK |
||
| 999 |
_c26160 _d26160 |
||